00614 2200229 4500001002100000005001700021008004100038020002200079035002400101082001300125090001900138100002800157245005200185260004200237300001800279500002800297650001400325850000900339985000600348999001500354999001500369YOGYA-0209000007332720090227093722.0 ind  a978-979-22-2627-9 0010-020900000073327 a133.3337 a133.337bCha F aCHANDRAMULYANA, Santoso aFeng Shui delapan rumahcSantoso Chandramulyana aJakartabGramedia Pustaka Utamac2007 axviii,202 hlm aBibliografi:Hlm 199-200 aFeng Shui aBPAD a2 a08P0002913 a08P0002914